Normal view
MARC view
- Betonio, Roxanne Kaye D.
Entry Personal Name
001 - CONTROL NUMBER
- control field: 8346
003 - CONTROL NUMBER IDENTIFIER
- control field: OSt
005 - DATE AND TIME OF LATEST TRANSACTION
- control field: 20160516183906.0
008 - FIXED-LENGTH DATA ELEMENTS
- fixed length control field: 160516|| aca||aabn | a|a d
040 ## - CATALOGING SOURCE
- Original cataloging agency: OSt
100 ## - HEADING--PERSONAL NAME
- Personal name: Betonio, Roxanne Kaye D.
